000 00350nam a2200145Ia 4500
008 230312s9999||||xx |||||||||||||| ||und||
020 _a81-315-2656-9
082 _a720.19
_bHEL-D
100 _aHelper;Dana
245 0 _aDrafting&Design for archirecture
260 _bCengage
_aIndia
_c2015
300 _a852
650 _aArchitecture
942 _cBK
999 _c11809
_d11809